| 000 | 00609nam a2200205 a 4500 | ||
|---|---|---|---|
| 005 | 20140310183527.0 | ||
| 008 | 111115s19uu xx 00 eng d | ||
| 020 | _a9780240812106 | ||
| 050 |
_aTR 860 _b.Ev92 2010 |
||
| 100 | _aEvans, Russell | ||
| 245 |
_aStand-out shorts : _bshooting and sharing your films online / _cRussell Evans. |
||
| 260 |
_aOxford : _bElsevier, _c2010. |
||
| 300 |
_a303 p. : _bill. ; _c23 cm. |
||
| 521 | _aMA | ||
| 650 |
_aShort films _xAuthorship |
||
| 650 |
_aShort films _xProduction and direction |
||
| 650 | _aDigital videos | ||
| 942 |
_cBK _2lcc _kFOR |
||
| 999 |
_c24536 _d24536 |
||